ბათუმის შოთა რუსთაველის სახელმწიფო უნივერსიტეტის ბიბლიოთეკა

Векторный анализ и теория поля. (ბიბ.ჩანაწერი № 38910)

000 -LEADER
fixed length control field 00700nam a2200217Ia 4500
001 - CONTROL NUMBER
control field 5329
003 - CONTROL NUMBER IDENTIFIER
control field GE_BSU
008 - FIXED-LENGTH DATA ELEMENTS--GENERAL INFORMATION
fixed length control field 181216s||||||||xx |||||||||||||| ||und||
040 ## - CATALOGING SOURCE
Transcribing agency GE_BSU
080 ## - UNIVERSAL DECIMAL CLASSIFICATION NUMBER
Universal Decimal Classification number 5ё4.742
100 ## - MAIN ENTRY--PERSONAL NAME
Personal name Гольдфайн, И.А.
245 ## - TITLE STATEMENT
Title Векторный анализ и теория поля.
245 ## - TITLE STATEMENT
Remainder of title избранные главы высшей математики для инженеров и студ.Втузов
245 ## - TITLE STATEMENT
Statement of responsibility, etc. Под ред. Р.С. Гутера
260 ## - PUBLICATION, DISTRIBUTION, ETC.
Place of publication, distribution, etc. Москва
260 ## - PUBLICATION, DISTRIBUTION, ETC.
Name of publisher, distributor, etc. Ггосиздат
260 ## - PUBLICATION, DISTRIBUTION, ETC.
Date of publication, distribution, etc. 1962
300 ## - PHYSICAL DESCRIPTION
Extent 132с. 20см.
653 ## - INDEX TERM--UNCONTROLLED
Uncontrolled term Векторный анализ и теория поля.
942 ## - ADDED ENTRY ELEMENTS (KOHA)
Koha item type წიგნი
ეგზემპლარები
Withdrawn status Lost status Damaged status Not for loan Date acquired Barcode Date last seen Price effective from Koha item type
        2018-12-17 16318 2018-12-17 2018-12-17 წიგნი